Tretie zlato pre Oszkára Patasiho

Bibliographic Details
Main Author: Kmeť, Vladislav, 1950- (Author)
Format: Article
Language:Hungarian
Slovak
PhysicalDescription:Fotogr.
ISSN:1336-3638
Subjects:

MARC

LEADER 00000nab a2200000 a 4500
001 vtls011607330
003 SK-MaSNL
005 20260309142436.0
008 170127|2017 xo w| 000 0|hun
015 |a SNBRB2017/01 
038 |a DSZK 
040 |a DSZK  |b slo  |c DSZK  |e AACR2 
041 |a slo  |a hun 
044 |a xo  |c SK 
080 |a 796.88.071.2  |x (437.6)  |2 2011 
100 1 |a Kmeť, Vladislav,  |d 1950-  |4 aut  |9 338580 
245 1 0 |a Tretie zlato pre Oszkára Patasiho  |c Vladislav Kmeť 
300 |b Fotogr. 
500 |a Článok bol uverejnený aj v časopise Veľkomederský hlásnik=Nagymegyeri hírmondó. - Roč. XIII, č. 1 (2017), s. 15 
600 1 7 |a Patasi, Oszkár,  |d 1960-  |2 dszk  |9 1214385 
610 2 7 |a Mestský klub vzpierania a silových športov Thermál (Veľký Meder, Slovensko)  |2 dszk  |9 1628901 
611 2 7 |a Majstrovstvá sveta vo vzpieraní veteránov  |d (2016 :  |c Heinsheim, Nemecko)  |2 dszk  |9 1629724 
648 7 |a 2016  |2 dszk  |9 339798 
650 0 7 |a vzpieranie  |2 dszk  |9 3253 
651 7 |a Veľký Meder (Slovensko)  |2 SNKPH  |9 19224 
651 7 |a Heinsheim (Nemecko)  |2 dszk  |9 1629719 
773 0 |t Csallóköz=Žitný ostrov  |g Évf. 57, sz. 1-2 (2017), o. 26  |x 1336-3638 
852 |a DSZK  |b KIS3GCP 
856 |a http://www.csallokoz.sk 
958 |a SK 
958 |a HU 
999 |c 3363672  |d 3365602